000 00723nam a2200241Ia 4500
003 OSt
005 20220925231821.0
006 a|||||r|||| 00| 0
007 ta
008 220923b |||||||| |||| 00| 0 eng d
037 _cGeneral Book
040 _aRTL
_cRTL
_beng
041 _2eng
_aeng
082 _aX:8:(S), K9
100 _aWalton Richard E.
_9151713
245 0 _aInterpersonal peace making
_b Confrontations and th
260 _aMassachusetts
_bAddison Wesley
_c1969
300 _aviii, 151p.
_ccm.
490 _aAddison Wesley series on Organization Development
650 _aManagement
_930681
942 _hX:8:(S), K9
_cGB
_2CC
999 _c589525
_d589525